000 00716nam a2200289Ia 4500
005 20260324123233.0
008 008 260324s9999 xx 000 0 eng d
020 _a9781315236155
037 _aEBOOK
040 _aCRL
040 _beng
040 _cCRL
041 _2eng
041 _aeng
084 _qCRL
100 _aRobert Fox
_91169554
245 0 _aThomas Harriot and His World
245 0 _bMathematics, Exploration, and Natural Philosophy in Early Modern England
260 _bTaylor and Francis
260 _c2012
365 _a
365 _b240
856 _uhttp://www.taylorfrancis.com/books/9781315236155
942 _cEBOOK
999 _c1762891
_d1762891